Estatísticas para Cultura Geral

Clique aqui para jogar o quiz

Estatísticas Gerais

  • Esse quiz foi jogado 4 vezes
  • A pontuação média é 6 de 15

Estatísticas das Respostas

HintResposta% Correto
O solstício de inverno marca o início de que estação?Inverno
100%
O Pão de ló de Ovar é um doce típico de que país?Portugal
75%
Buffalo wing é um prato típico de que país?Estados Unidos
50%
Quem canta a música "Flashdance... What a Feeling"?Irene Cara
50%
Quem canta a música "Papa Don't Preach"?Madonna
50%
Em que país podemos encontrar o Stonehenge?Reino Unido
50%
Que nome damos ao momento em que o Sol, durante seu movimento atinge a maior declinação?Solstício
50%
O Kasutera é um bolo típico de que país?Japão
25%
Quem canta a música "Listen to Your Heart"?Roxette
25%
Quem canta a música "Holding Back the Years"?Simple Red
25%
Quem canta a música "Here I Go Again"?Whitesnake
25%
Quem canta a música "I Wanna Dance with Somebody (Who Loves Me)"?Whitney Houston
25%
Que tipo de comida são considerados os Nuggets?Fast-food
0%
Quem canta a música "I Just Can't Stop Loving You"?Michael Jackson
0%
Quem canta a música "Don't You (Forget About Me)"?Simple Minds
0%

Distribuição das Pontuações

Percentil de Números Respondidos

Porcentagem de Pessoas com Cada Pontuação

Sua Pontuação Histórica

Você não jogou esse quiz